000 00251nam a2200109Ia 4500
008 190216s9999||||xx |||||||||||||| ||und||
100 _aNafees Baig
245 0 _aProblems On Managerial Accounting
260 _bNull
_c1974
300 _a442p
942 _cBK
999 _c4986
_d4986